| 000 | 01885cas a2200493 a 4500 | ||
|---|---|---|---|
| 001 | data | ||
| 005 | 20260322212120.0 | ||
| 008 | data | ||
| 010 | _a 96655625 | ||
| 029 | 1 |
_aAU@ _b000025648350 |
|
| 029 | 1 |
_aNZ1 _b12424099 |
|
| 029 | 1 |
_aNZ1 _b4748658 |
|
| 035 | _a(OCoLC)34666548 | ||
| 040 |
_aAUM _beng _cAUM _dOCLCL _dOCLCQ _dOCLCF _dOCLCO _dOCLCQ _dIUL _dOCLCL |
||
| 042 | _apcc | ||
| 043 | _as-ag--- | ||
| 050 | 0 | 0 |
_aNX531.A1 _bM37 |
| 130 | 0 | _aMartín Fierro (Buenos Aires, Argentina : 1924) | |
| 245 | 1 | 0 | _aMartín Fierro. |
| 260 |
_aBuenos Aires, Argentina : _bFondo Nacional de las Artes, _c1995. |
||
| 300 |
_a1 volume : _billustrations ; _c41 cm |
||
| 336 |
_atext _btxt _2rdacontent |
||
| 337 |
_aunmediated _bn _2rdamedia |
||
| 338 |
_avolume _bnc _2rdacarrier |
||
| 362 | 0 | _aAño 1, no. 1 (feb. 1924)-Año 4, no. 44/45 (agosto/nov. 1927). | |
| 500 | _aTitle from caption. | ||
| 515 | _aAño 1-año 3 called 2. época. | ||
| 515 | _aNo numbers issued for Dec. 1924, Feb.-Apr. 1925, Jan.-Apr. 1926. | ||
| 580 | _aReprint, with an introduction by Horacio Salas. Originally published: Buenos Aires : [s.n.]. Reprint edition has title: Revista Martín Fierro. | ||
| 650 | 0 | _aArts, Argentine. | |
| 650 | 0 | _aArts. | |
| 650 | 7 |
_aArts. _2fast _0(OCoLC)fst00817721 |
|
| 650 | 7 |
_aArts, Argentine. _2fast _0(OCoLC)fst00817903 |
|
| 710 | 2 |
_aFondo Nacional de las Artes (Argentina) _1https://id.oclc.org/worldcat/entity/E39QQPVp7PDdCTP8RMkWGgwrkt |
|
| 740 | 0 | _aRevista Martín Fierro. | |
| 775 | 1 |
_tMartin Fierro (Buenos Aires, Argentina : 1924) _w(OCoLC)11634155 _w(OCoLC)11634155 |
|
| 906 |
_a7 _bcbc _cserials _du _encip _f19 _gn-oclcserc |
||
| 590 | _aSERBIB/SERLOC merged record | ||
| 890 |
_aMartín Fierro (Buenos Aires, Argentina : 1924) _i96-655625 |
||
| 920 | _aKeep 1 | ||
| 991 |
_bc-GenColl _hNX531.A1 _iM37 _wSERIALS |
||
| 992 |
_bB/L _wSERLOC |
||
| 999 |
_c1825 _d1825 |
||